| Tag |
First Indicator |
Second Indicator |
Subfields |
| LEADER |
00000pam a2200000 a 4500 |
| 001 |
in00000633607 |
| 005 |
20151015052728.0 |
| 008 |
791127s1980 flua b 00100 engm |
| 010 |
|
|
|a 79025738
|
| 020 |
|
|
|a 0849353459
|
| 035 |
|
|
|a (OCoLC)05799930
|
| 035 |
|
|
|9 ACU2755AM
|
| 040 |
|
|
|a DLC
|c DLC
|d m.c.
|d TXA
|d UtOrBLW
|
| 049 |
|
|
|a TXAM
|c [1329099]
|
| 050 |
0 |
0 |
|a TP456.E58
|b I45
|
| 082 |
0 |
|
|a 664/.01
|
| 245 |
0 |
0 |
|a Immobilized enzymes for food processing /
|c editor, Wayne H. Pitcher, Jr.
|
| 264 |
|
1 |
|a Boca Raton, Fla. :
|b CRC Press,
|c [1980]
|
| 264 |
|
4 |
|c ©1980
|
| 300 |
|
|
|a 219 pages :
|b illustrations ;
|c 26 cm.
|
| 336 |
|
|
|a text
|b txt
|2 rdacontent
|
| 337 |
|
|
|a unmediated
|b n
|2 rdamedia
|
| 338 |
|
|
|a volume
|b nc
|2 rdacarrier
|
| 504 |
|
|
|a Includes bibliographical references and index.
|
| 650 |
|
0 |
|a Immobilized enzymes
|x Industrial applications.
|
| 650 |
|
0 |
|a Food industry and trade.
|
| 700 |
1 |
|
|a Pitcher, Wayne H.
|
| 999 |
|
|
|a MARS
|
| 999 |
f |
f |
|s ff3d3aac-495b-34dd-9ea2-abb323813fc2
|i aa020313-1ff2-3cc1-97c8-bca60e906165
|t 0
|
| 952 |
f |
f |
|p ric
|a Texas A&M University
|b Rellis Campus
|c Joint Library Facility
|d Remote Storage
|t 0
|e TP456.E58 I45
|h Library of Congress classification
|i unmediated -- volume
|m A14805609571
|
| 998 |
f |
f |
|a TP456.E58 I45
|t 0
|l Remote Storage
|